000 00506nmm a2200157Ia 4500
008 251105s9999||||xx |||||||||||||||||und||
020 _a9788412670882
041 _aspa
100 _aLara Ríos, A. M.
245 0 _aEn el nombre de Arcadia. Mensajes de ultratumba
264 _a[Madrid, España] :
_bEdiciones Arcanas,
_c[Fecha de publicación no identificada]
300 _a0 páginas
650 _aScience fiction & Fantasy
856 _uhttps://public.digitaliapublishing.com/a/135293
942 _cCF
999 _c76283
_d76283